00000000cam 2200000zi 4500
0019.930935
003CaOODSP
00520251215103311
006m     o  d f      
007cr mn|||||||||
008231128e202312  quc     ob   f000 0 eng d
020 |a9780660690742
040 |aCaOODSP|beng|erda|cCaOODSP
043 |an-cn---
0861 |aEn14-534/2023E-PDF
24500|aReducing enteric methane emissions from beef cattle : |bfederal offset protocol.
24617|aDraft reducing enteric methane emissions from beef cattle, version 1.0
264 1|aGatineau, Quebec : |bEnvironment and Climate Change Canada = Environnement et changement climatique Canada, |cDecember 2023.
264 4|c©2023
300 |a1 online resource (v, 38 pages)
336 |atext|btxt|2rdacontent
337 |acomputer|bc|2rdamedia
338 |aonline resource|bcr|2rdacarrier
500 |aIssued also in French under title: Réduction des émissions de méthane entérique des bovins de boucherie : protocole fédéral de crédits compensatoires.
500 |aTitle from cover.
500 |a"Public consultation draft, December 2023."
500 |a"Canada's greenhouse gas offset credit system."
500 |a"EC23040"--Page [ii].
504 |aIncludes bibliographical references.
650 0|aBeef cattle|xFeeding and feeds|xEnvironmental aspects|zCanada.
650 0|aMethane|xEnvironmental aspects|zCanada.
650 0|aGreenhouse gas mitigation|zCanada.
7101 |aCanada. |bEnvironment and Climate Change Canada, |eissuing body.
77508|tRéduction des émissions de méthane entérique des bovins de boucherie : |w(CaOODSP)9.930936
85640|qPDF|s564 KB|uhttps://publications.gc.ca/collections/collection_2024/eccc/En14-534-2023-eng.pdf
8564 |qHTML|sN/A|uhttps://webarchiveweb.wayback.bac-lac.canada.ca/web/20250521125145/https://www.canada.ca/en/environment-climate-change/services/climate-change/pricing-pollution-how-it-will-work/output-based-pricing-system/federal-greenhouse-gas-offset-system/protocols/draft-reducing-enteric-methane-emissions-beef-cattle.html
986 |aEC23040